Buc-ee's Wages - Statistics

General Stats
  • This quiz has been taken 10 times
  • The average score is 12 of 17
Answer Stats
Category Position Answer % Correct
Part-time Cashier ${18}/hour
100%
Part-time Gift Worker ${18}/hour
89%
Part-time Maintenance ${18}/hour
89%
Part-time Warehouse ${18}/hour
89%
Part-time Grocery Stocker ${18}/hour
89%
Part-time Food Service ${21}/hour
89%
Part-time Car Wash ${21}/hour
89%
Part-time Team Lead ${20}/hour
78%
Part-time Senior Team Lead ${23}/hour
78%
Part-time Department Manager ${25}/hour
78%
Full-time Assistant General Manager ${100}K
67%
Part-time Senior Department Manager ${33}/hour
67%
Full-time Car Wash Manager ${125}K
33%
Full-time Food Service Manager ${125}K
33%
Full-time General Manager ${150}K
33%
Full-time Senior General Manager ${225}K
33%
Full-time Senior Food Service Manager ${175}K
22%
No matching quizzes found
Score Distribution
Percent of People with Each Score
Percentile by Number Answered
Your Score History
You have not taken this quiz